000 00818nam a2200265 a 4500
008
020 _a0471629782 (cased )
049 _aMAIN
090 _aQD475
_bDOU
100 1 _aDouglas, Bodie Eugene.
245 1 0 _aConcepts and models of inorganic chemistry /
_cBodie E. Douglas, Darl H. McDaniel, John J. Alexander.
250 _a2nd ed.
260 _aNew York :
_bWiley ,
_cc1924.
300 _axviii, 928, [65] p. :
_bill. ;
_c25 cm.
504 _aIncludes bibliographical references.
500 _aIncludes index.
650 0 _aChemistry, Inorganic.
700 1 _aMcDaniel, Darl Hamilton.
700 1 _aAlexander, John J.
907 _a.b10120932
_b20-04-12
_c06-05-04
003
005 20230123134211.0
040 _cNUST
942 _cBOOKS
_kQD475
_mDOU
999 _c161776
_d161776